Mágnás Miska
Elmentve itt :
| Dokumentumtípus: | Cikk |
|---|---|
| Megjelent: |
1916-04-26
|
| Sorozat: | Délmagyarország
5 No. 97 |
| Kulcsszavak: | Színházi élet operett Szeged 1916 |
| Online Access: | http://dmarchiv.bibl.u-szeged.hu/57859 |
| LEADER | 00404nab a2200145 i 4500 | ||
|---|---|---|---|
| 001 | delm57859 | ||
| 005 | 20180927144627.0 | ||
| 008 | 180927s1916 hu o 0|| hun d | ||
| 040 | |a SZTE Délmagyarország Archívum |b hun | ||
| 041 | |a hun | ||
| 245 | 0 | 0 | |a Mágnás Miska |h [elektronikus dokumentum] |
| 260 | |c 1916-04-26 | ||
| 300 | |a 8 | ||
| 490 | 0 | |a Délmagyarország |v 5 No. 97 | |
| 695 | |a Színházi élet operett Szeged 1916 | ||